Famous Atlético Madrid Footballers by Picture - Statistics

General Stats
  • This quiz has been taken 404 times
  • The average score is 22 of 30
Answer Stats
Picture Answer % Correct
Antoine Griezmann
98%
David de Gea
95%
Jan Oblak
95%
Thibaut Courtois
94%
Diego Simeone
93%
Fernando Torres
93%
Diego Costa
91%
João Félix
91%
Álvaro Morata
88%
Diego Forlán
87%
Diego Godín
87%
Memphis Depay
87%
Sergio Agüero
85%
Radamel Falcao
84%
Thomas Partey
84%
David Villa
83%
Koke
83%
Thomas Lemar
78%
Yannick Carrasco
76%
Lucas Hernandez
74%
Saúl
72%
Marcos Llorente
71%
Juanfran
65%
Filipe Luís
63%
José Giménez
61%
Gabi
47%
Hugo Sánchez
47%
José Antonio Reyes
24%
Paulo Futre
19%
Adelardo Rodriguez
6%
No matching quizzes found
Score Distribution
Percent of People with Each Score
Percentile by Number Answered
Your Score History
You have not taken this quiz